Normal view MARC view

Entry Personal Name

Number of records used in: 13

001 - CONTROL NUMBER

  • control field: 133

003 - CONTROL NUMBER IDENTIFIER

  • control field: DLC

005 - DATE AND TIME OF LATEST TRANSACTION

  • control field: 20191113120349.0

008 - FIXED-LENGTH DATA ELEMENTS

  • fixed length control field: 101103n| acannaabn |n aaa

010 ## - LIBRARY OF CONGRESS CONTROL NUMBER

  • LC control number: nb2010029200

035 ## - SYSTEM CONTROL NUMBER

  • System control number: (Uk)007965084

040 ## - CATALOGING SOURCE

  • Original cataloging agency: Uk
  • Language of cataloging: eng
  • Transcribing agency: Uk
  • Modifying agency: DLC

100 1# - HEADING--PERSONAL NAME

  • Personal name: Gupta, P. K.,
  • Titles and other words associated with a name: Ph. D., D. Litt.

670 ## - SOURCE DATA FOUND

  • Source citation: Gandhian satyagrah and non-violent struggle, 2008:
  • Information found: t.p. (Dr. P.K. Gupta) jkt. (Ph. D., D. Litt. in modern Indian history)

Powered by Koha